Sports Quiz

Random Sports or NFL Quiz

NFL Top 5 Rated Passers Quiz Stats

 Plays Quiz not verified by Sporcle

Challenge
Share
Tweet
Embed
Score 0/200 Timer 15:00
0 Plays Today
Year Name % Correct
2008Peyton Manning
98.8%
2007Peyton Manning
98.8%
2006Peyton Manning
98.8%
2005Peyton Manning
98.8%
2004Peyton Manning
98.8%
2003Peyton Manning
98.8%
2002Peyton Manning
98.8%
1999Peyton Manning
98.8%
2009Drew Brees
98.7%
2008Drew Brees
98.7%
2006Drew Brees
98.6%
2004Drew Brees
98.6%
2007Tom Brady
98.3%
1978Archie Manning
98.3%
2009Brett Favre
98.1%
2001Brett Favre
98.1%
1997Brett Favre
98.1%
1996Brett Favre
98.1%
1995Brett Favre
98.1%
1994Brett Favre
98.1%
2009Phillip Rivers
97.8%
2008Phillip Rivers
97.8%
2009Aaron Rodgers
97.8%
2008Kurt Warner
96.9%
2001Kurt Warner
96.9%
2000Kurt Warner
96.9%
1999Kurt Warner
96.9%
2007Tony Romo
96.5%
2006Tony Romo
96.5%
2009Ben Roethlisberger
96.4%
2007Ben Roethlisberger
96.4%
2005Ben Roethlisberger
96.4%
2004Ben Roethlisberger
96.4%
2006Donovan McNabb
96.1%
2004Donovan McNabb
96.1%
1998Steve Young
94.5%
1997Steve Young
94.5%
1996Steve Young
94.5%
1994Steve Young
94.5%
1993Steve Young
94.5%
1992Steve Young
94.5%
1991Steve Young
94.5%
1995Scott Mitchell & Steve Young
94.3%
2005Carson Palmer
94.1%
1998John Elway
93.8%
1996John Elway
93.8%
1994John Elway
93.8%
1993John Elway
93.8%
1993Joe Montana
92%
1989Joe Montana
92%
1987Joe Montana
92%
1985Joe Montana
92%
1984Joe Montana
92%
1983Joe Montana
92%
1982Joe Montana
92%
1981Joe Montana
92%
1980Joe Montana
92%
2004Daunte Culpepper
91.1%
2003Daunte Culpepper
91.1%
2000Daunte Culpepper
91.1%
2005Matt Hasselbeck
90.4%
1995Troy Aikman
89.5%
1993Troy Aikman
89.5%
1992Troy Aikman
89.5%
2003Steve McNair
89.3%
2001Steve McNair
89.3%
2008Chad Pennington
89.1%
Year Name % Correct
2002Chad Pennington
89.1%
1994Dan Marino
88.9%
1987Dan Marino
88.9%
1986Dan Marino
88.9%
1985Dan Marino
88.9%
1984Dan Marino
88.9%
1983Dan Marino
88.9%
2002Rich Gannon
87.8%
2001Rich Gannon
87.8%
2003Trent Green
85.7%
2002Trent Green
85.7%
2000Trent Green
85.7%
2005Marc Bulger
84.5%
2007David Garrard
84.4%
1992Warren Moon
83.2%
1990Warren Moon
83.2%
1989Warren Moon
83.2%
1988Warren Moon
83.2%
2002Brad Johnson
81.5%
1999Brad Johnson
81.5%
1996Brad Johnson
81.5%
1991Jim Kelly
81.4%
1990Jim Kelly
81.4%
1974Charley Johnson
81.4%
2001Jeff Garcia
81.3%
2000Jeff Garcia
81.3%
1994Jim Everett & Troy Aikman
79%
1993Phil Simms
78.8%
1990Phil Simms
78.8%
1987Phil Simms
78.8%
1998Randall Cunningham
78.4%
1992Randall Cunningham
78.4%
1990Randall Cunningham
78.4%
2003Jake Plummer
78.2%
1998Vinny Testaverde
77.4%
1996Vinny Testaverde
77.4%
1997Mark Brunell
75.8%
1989Boomer Esiason
74.7%
1988Boomer Esiason
74.7%
1986Boomer Esiason
74.7%
1985Boomer Esiason
74.7%
1979Roger Staubach
74.4%
1978Roger Staubach
74.4%
1977Roger Staubach
74.4%
1973Roger Staubach
74.4%
1971Roger Staubach
74.4%
1978Terry Bradshaw
74.2%
1975Terry Bradshaw
74.2%
2000Brian Griese
70.7%
1978Bob Griese
70.7%
1977Bob Griese
70.7%
1971Bob Griese
70.7%
1985Dan Fouts
70.1%
1982Dan Fouts
70.1%
1981Dan Fouts
70.1%
1979Dan Fouts
70.1%
1978Dan Fouts
70.1%
1976Fran Tarkenton
69.1%
1975Fran Tarkenton
69.1%
1973Fran Tarkenton
69.1%
1972Fran Tarkenton
69.1%
1970Fran Tarkenton
69.1%
1983Joe Theismann
63.4%
1982Joe Theismann
63.4%
1979Joe Theismann
63.4%
1979Ken Stabler
61.3%
1976Ken Stabler
61.3%
Year Name % Correct
1974Ken Stabler
61.3%
1973Ken Stabler
61.3%
1998Chris Chandler
61%
1997Chris Chandler
61%
1982Ken Anderson
60.9%
1981Ken Anderson
60.9%
1979Ken Anderson
60.9%
1975Ken Anderson
60.9%
1974Ken Anderson
60.9%
1991Mark Rypien
57.7%
1989Mark Rypien
57.7%
1995Jim Harbaugh
55%
1991Bernie Kosar
54.9%
1987Bernie Kosar
54.9%
1980Ron Jaworski
54.7%
1999Jeff George
53.7%
1997Jeff George
53.7%
1989Jim Everett
53%
1988Jim Everett
53%
1988Dave Krieg
50.5%
1986Dave Krieg
50.5%
1983Dave Krieg
50.5%
1982Danny White
46.8%
1981Danny White
46.8%
1977Bert Jones
42.9%
1976Bert Jones
42.9%
1975Bert Jones
42.9%
1999Steve Beuerlein
42.5%
1985Ken O'Brien
42.2%
1971Len Dawson
41.6%
1986Tony Eason
40.3%
1984Tony Eason
40.3%
1995Erik Kramer
39%
1986Tommy Kramer
39%
1980Brian Sipe
38.1%
1984Steve Bartkowski
35.7%
1983Steve Bartkowski
35.7%
1980Steve Bartkowski
35.7%
1970Sonny Jurgensen
34.5%
2006Damon Huard
34.2%
1981Craig Morton
33.4%
1977Craig Morton
33.4%
1970Craig Morton
33.4%
1990Steve DeBerg
33%
1992Chris Miller
31.9%
1987Neil Lomax
30.7%
1984Neil Lomax
30.7%
1972Daryl Lamonica
29.5%
1970John Brodie
28.8%
1976Jim Hart
28.6%
1988Wade Wilson
27.8%
1973Roman Gabriel
27.7%
1980Vince Ferragamo
25.4%
1974Billy Kilmer
24.7%
1972Billy Kilmer
24.7%
1991Steve Bono
24.3%
1973John Hadl
24.3%
1975Joe Ferguson
23.2%
1976Greg Landry
17.1%
1971Greg Landry
17.1%
1977Pat Haden
13.7%
1972Norm Snead
11.5%
1974James Harris
10.9%
1971Virgil Carter
10.5%
1972Bob Berry
5.6%
1970Bob Berry
5.6%

You're not logged in!

Compare scores with friends on all Sporcle quizzes.
OR
Log In

You Might Also Like...

Show Comments

Extras

Top Quizzes Today


Score Distribution

Your Account Isn't Verified!

In order to create a playlist on Sporcle, you need to verify the email address you used during registration. Go to your Sporcle Settings to finish the process.

Report this User

Report this user for behavior that violates our Community Guidelines.

Details: